Visualizzazione normale
Vista MARC
- EVOCAZIONE LIRI
di Topical Term
Records bibliografici associati: 1
001 - CONTROL NUMBER
- control field: 36945
003 - CONTROL NUMBER IDENTIFIER
- control field: IT-RoPau
005 - DATE AND TIME OF LATEST TRANSACTION
- control field: 20151125153929.0
008 - FIXED-LENGTH DATA ELEMENTS
- fixed length control field: 151125|| aca||aabn | a|a d
040 ## - CATALOGING SOURCE
- Original cataloging agency: IT-RoPau
- Transcribing agency: IT-RoPau
150 ## - HEADING--TOPICAL TERM
- Topical term or geographic name entry element: EVOCAZIONE LIRI
- : FILMS [VHS]
- General subdivision: Codice MATERIA SPICS: 9960
670 ## - SOURCE DATA FOUND
- Source citation: Work cat.: (IT-RoPau)104656: Tarkovskij Andrej Codice regista SPICS: 1652 36943, SPECCHIO (LO) SPECCHIO (LO) (Rif. Codice opera principale : 29143)